| 000 -LEADER |
| fixed length control field |
00564nam a22001937a 4500 |
| 008 - FIXED-LENGTH DATA ELEMENTS--GENERAL INFORMATION |
| fixed length control field |
140523b xxu||||| |||| 00| 0 ger d |
| 020 ## - INTERNATIONAL STANDARD BOOK NUMBER |
| International Standard Book Number |
3502250294 |
| 041 0# - LANGUAGE CODE |
| Language code of text/sound track or separate title |
ger |
| 080 ## - UNIVERSAL DECIMAL CLASSIFICATION NUMBER |
| Universal Decimal Classification number |
796.4 |
| 100 ## - Rafti |
| Rafti |
Herkert, Rolf; |
| 245 10 - TITLE STATEMENT |
| Title |
Die 90 Sekunden Pause : |
| Statement of responsibility, etc |
Rolf Herkert; |
| 260 ## - |
| -- |
Munchen ; |
| -- |
Integral Verlag, |
| -- |
1993. |
| 260 ## - |
| -- |
Wien ; |
| -- |
Scherz Verlag, |
| -- |
1998. |
| 300 ## - |
| -- |
128 f.: |
| -- |
me il.; |
| -- |
20 cm. |
| 500 ## - |
| -- |
Literatur: f. 124-125 |
| 650 #0 - |
| -- |
Gjimnastika |
| 650 #0 - |
| -- |
Akrobacia |
| 942 ## - ADDED ENTRY ELEMENTS (KOHA) |
| Source of classification or shelving scheme |
|
| Item type |
Books |